|
|
|
|
| LEADER |
01038nam a2200265 a 4500 |
| 001 |
5564748 |
| 008 |
090803s1998 dcu dc e 0 eng d |
| 010 |
|
|
|a 98675302
|
| 020 |
|
|
|a 0821341278 (pbk.)
|
| 040 |
|
|
|a DLC
|c DLC
|d DLC
|
| 082 |
0 |
0 |
|a 339.3/1/0223
|2 21
|
| 110 |
2 |
|
|a World Bank.
|
| 245 |
1 |
0 |
|a World Bank atlas, 1998.
|
| 250 |
|
|
|a [30th ed.].
|
| 255 |
|
|
|a Scale not given ;
|b Eckert IV proj.
|
| 260 |
|
|
|a Washington, D.C. :
|b World Bank,
|c c1998.
|
| 300 |
|
|
|a 1 atlas (63 p.) :
|b col ill., col. maps ;
|c 22 x 28 cm.
|
| 500 |
|
|
|a Shows the fundamental development topics of people, environment, economy and states, and markets.
|
| 541 |
1 |
|
|e 00007289
|
| 546 |
|
|
|a English, French, Spanish.
|
| 650 |
|
0 |
|a Gross national product
|x Maps.
|
| 650 |
|
0 |
|a Population
|x Statistics
|x Maps.
|
| 852 |
4 |
|
|a Ayesha Abed Library
|j General shelf
|
| 999 |
|
|
|c 3022
|d 3022
|
| 952 |
|
|
|0 0
|1 4
|2 ddc
|4 0
|6 339_310223000000000_WOR
|7 0
|9 2737
|a BRACUL
|b BRACUL
|c GEN
|d 2009-08-18
|g 1888.00
|l 0
|o 339.310223 WOR
|p 3010007289
|r 2009-08-18
|t 1
|w 2009-08-18
|y BK
|x Koha Inventory 2020
|